Представление документа в формате RUSMARC

ПолеНазваниеЗначение
  Тип записи a
  Библиографический уровень m
001 Контрольный номер RU/SLIB/B/208732473
005 Дата корректировки 20241202122621.1
010 Индекс ISBN __
d Цена 32 500-00
101 Язык документа 0_
a Язык текста rus
200 Заглавие и сведения об ответственности 0_
a Заглавие История политических и правовых учений
e Сведения, относящиеся к заглавию учебник
f Первые сведения об ответственности Граф. В. Г. и др ; под общ. ред. В. С. Нерсесянца
b Общее обозначение материала Текст
210 Выходные данные 1_
a Место издания М.
c Издательство Инфра-М
d Дата издания 1996
215 Физическое описание __
a Объем 728 с.
606 Тематические рубрики __
a Основная рубрика Политика. Политология
606 Тематические рубрики __
a Основная рубрика Всеобщая история политической мысли
606 Тематические рубрики __
a Основная рубрика Право
606 Тематические рубрики __
a Основная рубрика Общая теория права
610 Ключевые слова 0_
a Ключевые слова политические учения; правовые учения
686 Индексы других классификаций __
a Классификационный индекс 66.1(0)я73
686 Индексы других классификаций __
a Классификационный индекс 67.0я73; ст66.1(0)я73+ст67я73
801 Источник записи _0
a Страна RU
b Организация Муниципальное бюджетное учреждение культуры "Централизованная библиотечная система" г. Сургут (Центральная городская библиотека им. А. С. Пушкина)
g Правила каталогизации КиК/Лебедева
801 Источник записи _1
a Страна RU
b Организация Муниципальное бюджетное учреждение культуры "Централизованная библиотечная система" г. Сургут (Центральная городская библиотека им. А. С. Пушкина)
g Правила каталогизации КиК/Лебедева
852 Данные о местонахождении __
j Шифр хранения 66.1(0)я73
c Каталожный индекс 66.1(0)я73; 67.0я73
i Авторский знак И 90
p Инвентарный номер 61132
901 Тип документа __
t Тип документа m
969 Тип издания __
a Тип издания учебник
990 Данные о заказе (DOS) __
j Количество экземпляров (DOS) 2
t N записи в КСУ для И/У (DOS) 199701